Proceedings of a Regional Symposium on Recent Developments in Tree Plantations of Humid/Subtropics of Asia

Bibliographic Details
Corporate Author: REGIONAL Symposium on Recent Developments in Tree Plantations of Humid/Subhumid Tropics of Asia
Other Authors: Sheikh Ali Abod
Format: Book
Published: Serdang, Selangor : Universiti Pertanian Malaysia , 1991
Subjects:

MARC

LEADER 00000cam a2200000 7i4500
001 0000000541
005 20000829.0
090 0 0 |a 333.7513   |b REG 1991 
110 1 0 |a REGIONAL Symposium on Recent Developments in Tree Plantations of Humid/Subhumid Tropics of Asia   |k 1989   |j Serdang Selangor 
245 1 0 |a Proceedings of a Regional Symposium on Recent Developments in Tree Plantations of Humid/Subtropics of Asia   |c edited by Sheikh Ali Abod ... [et al] 
260 0 0 |a Serdang, Selangor :   |b Universiti Pertanian Malaysia ,   |c 1991 
300 |a x, 839 p. :   |b ill. ;   |c 25 cm. 
500 0 0 |a Includes bibliographical references 
650 0 0 |a Tree farms   |x Economic aspects   |x Congresses 
650 0 0 |a Tree farms   |x Tropics   |x Congresses 
700 0 1 |a Sheikh Ali Abod 
999 |a 0000000490   |b Monograph   |c Open Shelf   |e Default branch